| 000 | 01190nam a2200217 4500 | ||
|---|---|---|---|
| 003 | CO-ViMGA | ||
| 020 | _a9789587850550 | ||
| 040 |
_aCO-ViMGA _bspa _cCO-ViMGA |
||
| 082 | 0 | 4 |
_a793.3 D15 _bD15 |
| 110 |
_aInstitución Educativa San José (Guapi, Cauca) _913773 |
||
| 245 | 1 | 0 |
_aDanzas guapireñas / _cComunidad Educativa de Guapí (Cauca) |
| 260 |
_aBogotá : _bMinisterio de Educación Nacional _bMinisterio de Cultura _c2017 |
||
| 300 |
_a47 p. : _bil. color |
||
| 490 |
_aPlan Nacional de Lectura y Escritura Leer es mi Cuento _aRío de letras. Territorios narrados ; 27 |
||
| 500 | _aColección de actualización bibliográfica para la Red de Bibliotecas Públicas del Ministerio de Cultura, Plan Nacional de Lectura y Escritura Leer es mi cuento, 2018 | ||
| 520 | _aEl libro reseña y explica cómo se ejecutan ocho bailes tradicionales que dan cuenta de los oficios y las fiestas de los antiguos habitantes de Guapi... Tomado de la contracubierta | ||
| 650 | 1 | 4 |
_aDanzas folcloricas _zGuapi (Nariño, Colombia) _913878 |
| 650 | 1 | 4 |
_aDanzas populares y nacionales _zGuapi (Nariño, Colombia) _913877 |
| 650 | 1 | 4 |
_aMemoria colectiva _zGuapi (Nariño, Colombia) _913879 |
| 942 |
_2ddc _cBK |
||
| 999 |
_c11900 _d11900 |
||